000 00633na a2200229 4500
001 21317
003 MIRAKIL
005 20181213154945.0
008 170207b tu 000 0
035 _a21317
040 _aMilas
_btur
_cTR-AnCHP
041 _atur
082 _a351.7225
_bM24i 2007
090 _a351.7225 M24i 2007
110 _aMaliye Bakanlığı
245 _a2007 mali yılı kesin hesabı
_cMaliye Bakanlığı
260 _aAnkara
_bMaliye Bakanlığı
_c2007
300 _a171 s.
_btbl.
_c20 sm.
610 _aMaliye Bakanlığı
_xKesin bütçe
_y2007
710 _aMaliye Bakanlığı
942 _2ddc
_cBKS
999 _c3846
_d3846